| 000 -LEADER |
| fixed length control field |
01552 a2200265 4500 |
| 003 - CONTROL NUMBER IDENTIFIER |
| control field |
Nust |
| 005 - DATE AND TIME OF LATEST TRANSACTION |
| control field |
20220817191055.0 |
| 010 ## - LIBRARY OF CONGRESS CONTROL NUMBER |
| LC control number |
2006272166 |
| 020 ## - INTERNATIONAL STANDARD BOOK NUMBER |
| International Standard Book Number |
0521845270 |
| 020 ## - INTERNATIONAL STANDARD BOOK NUMBER |
| International Standard Book Number |
9780521845274 |
| 035 ## - SYSTEM CONTROL NUMBER |
| System control number |
(OCoLC)ocm57751753 |
| 040 ## - CATALOGING SOURCE |
| Transcribing agency |
Nust |
| 082 04 - DEWEY DECIMAL CLASSIFICATION NUMBER |
| Classification number |
621.382,TSE |
| 100 1# - MAIN ENTRY--PERSONAL NAME |
| Personal name |
Tse, David. |
| 9 (RLIN) |
97882 |
| 245 10 - TITLE STATEMENT |
| Title |
Fundamentals of wireless communication / |
| Statement of responsibility, etc. |
David Tse and Pramod Viswanath. |
| 260 ## - PUBLICATION, DISTRIBUTION, ETC. |
| Place of publication, distribution, etc. |
Cambridge, UK ; |
| -- |
New York : |
| Name of publisher, distributor, etc. |
Cambridge University Press, |
| Date of publication, distribution, etc. |
2005. |
| 300 ## - PHYSICAL DESCRIPTION |
| Extent |
xxi, 564 p. : |
| Other physical details |
ill. ; |
| Dimensions |
26 cm. |
| 505 ## - FORMATTED CONTENTS NOTE |
| Formatted contents note |
Introduction (Page-1), The Wireless Channel (Page-10), Point-to-Point Communication; Detection, Diversity and Channel Uncertainty (Page-49), Cellular System Multiple access and Interference Management (Page-120), Capacity Of Wireless Channels (Page-166) ,Multiuser Capacity and Opportunistic Communication (Page-228), MIMO I: Spatial Multiplexing and Channel Modeling (Page-290), MIMO II: Capacity and Multiplexing Architectures (Page-332) ,MIMO III: Diversity - Multiplexing Tradeoff and Universal Space Time Codes (Page- 383), MIMO IV: Multiuser Communication (Page-425). |
| 650 #0 - SUBJECT ADDED ENTRY--TOPICAL TERM |
| Topical term or geographic name entry element |
Telecommunication Engineering |
| 700 1# - ADDED ENTRY--PERSONAL NAME |
| Personal name |
Viswanath, Pramod. |
| 9 (RLIN) |
97883 |
| 856 42 - ELECTRONIC LOCATION AND ACCESS |
| Materials specified |
Contributor biographical information |
| Uniform Resource Identifier |
<a href="http://www.loc.gov/catdir/enhancements/fy0733/2006272166-b.html">http://www.loc.gov/catdir/enhancements/fy0733/2006272166-b.html</a> |
| 856 42 - ELECTRONIC LOCATION AND ACCESS |
| Materials specified |
Publisher description |
| Uniform Resource Identifier |
<a href="http://www.loc.gov/catdir/enhancements/fy0632/2006272166-d.html">http://www.loc.gov/catdir/enhancements/fy0632/2006272166-d.html</a> |
| 856 42 - ELECTRONIC LOCATION AND ACCESS |
| Materials specified |
Table of contents only |
| Uniform Resource Identifier |
<a href="http://www.loc.gov/catdir/enhancements/fy0632/2006272166-t.html">http://www.loc.gov/catdir/enhancements/fy0632/2006272166-t.html</a> |
| 942 ## - ADDED ENTRY ELEMENTS (KOHA) |
| Koha item type |
Reference |
| Source of classification or shelving scheme |
|